[Event "9th A. Margaryan Memorial 2019"]
[Site "Yerevan"]
[Date "2019.01.14"]
[Round "7"]
[White "Babujian, Levon"]
[Black "Davtyan, Artur"]
[Result "1-0"]
[WhiteElo "2488"]
[BlackElo "2396"]
[Annotator "TA"]
[PlyCount "81"]
[EventDate "2019.01.08"]
[EventType "tourn"]
[EventCountry "ARM"]
[SourceTitle "playchess.com"]
[Source "ChessBase"]
[SourceQuality "1"]

{[%evp 13,81,-8,9,12,7,7,13,0,0,0,0,-16,81,81,80,87,85,85,101,81,81,67,95,93,108,81,81,81,63,64,107,106,135,135,135,135,135,135,259,266,280,293,273,280,317,318,318,282,290,281,354,324,510,521,1054,1047,1082,1091,1089,1077,1084,1080,1075,1074,1060,1066,1804,1707,5306,1935]} 1. e4 e5 2. Nc3 Nf6 3. Bc4 Nc6 4. d3 Na5 5. Nge2 {[%cal Bg1e2,Be2g3,Bg3f5][%mdl 32]} Bc5 6. O-O {C28: Vienna Game: 2...Nf6 3 Bc4 Nc6} h6 (6... O-O 7. Ng3 h6 8. h3 d6 9. Bb3 c6 10. Na4 Nxb3 11. axb3 Bb4 12. Bd2 Bxd2 13. Qxd2 d5 {0-1 (40) Naiditsch,A (2702)-Caruana,F (2817) Karlsruhe/Baden-Baden 2017 CBM 178 [Prasanna,V]}) 7. Ng3 d6 {LiveBook: 3 Games} 8. Bb3 $146 {The position is equal.} ({Predecessor:} 8. h3 O-O 9. Kh1 Be6 10. Bxe6 fxe6 11. Na4 Bb6 12. Nxb6 axb6 13. f4 Nc6 {½-½ (68) Rodriguez Guerrero,E (2450)-Cox,J (2396) England 2012}) 8... Nxb3 (8... a6 {is interesting.} 9. h3 O-O 10. Qe1 Nc6 11. Be3 a5) 9. axb3 a6 10. Be3 Bxe3 11. fxe3 Be6 12. Nf5 g6 (12... O-O $11 {keeps the balance.}) 13. Ng7+ $16 Kf8 14. Nxe6+ fxe6 15. Qg4 $1 {[%cal Rg4g6]} Kf7 16. d4 {And now dxe5 would win.} h5 17. Qf3 {[#] Threatens to win with dxe5.} Qe7 18. dxe5 dxe5 19. Qg3 h4 20. Qxe5 Rh5 21. Qf4 {aiming for e5.} e5 22. Qf3 c6 23. Rad1 Rh7 24. Na4 $36 {[%cal Bc3a4,Ba4c5,Bc5b7,Bb7d6,Bd6c4][%mdl 2080] Black is under strong pressure.} Kg7 25. Nc5 {Qxf6+! is the strong threat.} Re8 {[#]} (25... Rf8 $16) 26. Nxb7 $1 $18 {[%mdl 512]} Rf8 (26... Qxb7 27. Qxf6+) 27. Nd6 Rhh8 28. Nc4 h3 29. gxh3 Rh5 30. Kh1 Nh7 31. Qe2 Rh8 32. Qd2 Rxh3 (32... Nf6 {was called for.} 33. Qd6 Qxd6 34. Rxd6 Nxe4) 33. Qd7 {White is clearly winning.} Rxh2+ 34. Kg1 {[%cal Bh1g1,Bg1g2,Bg2g3,Bg3f3][%mdl 32]} Rh1+ 35. Kg2 Rh2+ 36. Kg3 Rh3+ 37. Qxh3 {White wants to mate with Rd7.} Nf6 38. Qg2 Qe6 39. Kf3 Ng4 40. Rd6 Qc8 41. Rxg6+ {Precision: White = 70%, Black = 40%.} 1-0

[Event "9th A. Margaryan Memorial 2019"]
[Site "Yerevan"]
[Date "2019.01.14"]
[Round "7"]
[White "Petriashvili, Nikoloz"]
[Black "Sturua, Zurab"]
[Result "1/2-1/2"]
[WhiteElo "2479"]
[BlackElo "2533"]
[Annotator "TA"]
[PlyCount "41"]
[EventDate "2019.01.08"]
[EventType "tourn"]
[EventCountry "ARM"]
[SourceTitle "playchess.com"]
[Source "ChessBase"]
[SourceQuality "1"]

{[%evp 30,31,0,-7]} 1. d4 d5 2. c4 c6 3. cxd5 cxd5 4. Nc3 Nf6 5. Bf4 Nc6 6. e3 Bf5 7. Nf3 e6 8. Bd3 Bxd3 9. Qxd3 Bd6 10. Bxd6 Qxd6 11. O-O O-O 12. h3 Rfc8 13. Rac1 h6 {D14: Slav Defence: Exchange variation with ...Bf5} 14. Ne2 (14. Nd2 Nd7 15. a3 Nb6 16. Qb5 Qd8 17. Na4 Nxa4 18. Qxa4 Qa5 19. Qd1 Ne7 20. Qe2 Qa4 21. Qd3 {½-½ (37) Li,C (2755)-Carlsen,M (2851) Stavanger 2016}) 14... Ne7 15. Rxc8+ Rxc8 16. Rc1 {LiveBook: 20 Games} {Predecessor:} Rc6 $146 17. Rxc6 Nxc6 18. Nd2 g6 19. a3 h5 20. g3 Kg7 21. Kg2 {½-½ (30) Chomczyk,M (2131)-Praczukowski,S (2096) Polanica Zdroj 2016} 1/2-1/2

[Event "9th A. Margaryan Memorial 2019"]
[Site "Yerevan"]
[Date "2019.01.14"]
[Round "7"]
[White "Sargsyan, Anna M."]
[Black "Barseghyan, Armen Ar."]
[Result "0-1"]
[WhiteElo "2339"]
[BlackElo "2380"]
[Annotator "NA"]
[PlyCount "76"]
[EventDate "2019.01.08"]
[EventType "tourn"]
[EventCountry "ARM"]
[SourceTitle "playchess.com"]
[Source "ChessBase"]
[SourceQuality "1"]
[TimeControl "40/5400+30:1800+30"]

1. Nf3 {[%emt 0:00:00]} Nf6 {[%emt 0:00:00]} 2. d4 {[%emt 0:00:00]} g6 {[%emt 0:00:02]} 3. c4 {[%emt 0:00:00]} c5 {[%emt 0:00:23]} 4. d5 {[%emt 0:00:00]} e6 {[%emt 0:00:31]} 5. Nc3 {[%emt 0:00:11]} exd5 {[%emt 0:00:23]} 6. cxd5 {[%emt 0:00:06]} d6 {[%emt 0:00:03]} 7. Nd2 {[%emt 0:00:04]} Bg7 {[%emt 0:00:42]} 8. e4 {[%emt 0:00:10]} O-O {[%emt 0:01:11]} 9. Be2 {[%emt 0:00:05]} Na6 {[%emt 0:03:21]} 10. O-O {[%emt 0:01:09]} Ne8 {[%emt 0:01:31]} 11. Nc4 {[%emt 0:01:47]} Rb8 {[%emt 0:07:48]} 12. a4 {[%emt 0:02:05]} f5 {[%emt 0:00:45]} 13. exf5 {[%emt 0:08:33]} Bxf5 {[%emt 0:00:26]} 14. Bf4 {[%emt 0:00:28]} Nb4 {[%emt 0:04:15]} 15. Qd2 {[%emt 0:16:50]} Nc2 {[%emt 0:08:30]} 16. Nb5 {[%emt 0:02:47]} ({White should try} 16. Rac1 $11 Nd4 17. Bd1) 16... Nxa1 {[%emt 0:07:21]} 17. Rxa1 {[%emt 0:00:10]} Bd7 $11 {[%emt 0:07:56]} 18. Bg5 {[%emt 0:26:29]} Bf6 {[%emt 0:02:26]} 19. Bh6 {[%emt 0:00:12]} Bxb5 {[%emt 0:00:31]} 20. axb5 {[%emt 0:00:09]} Bg7 {[%emt 0:00:36]} 21. Bg5 {[%emt 0:00:12]} Qd7 {[%emt 0:01:58]} 22. Rxa7 {[%emt 0:03:36]} Bd4 {[%emt 0:12:00]} 23. Be3 {[%emt 0:03:00]} Bxe3 {[%emt 0:01:09]} 24. Nxe3 {[%emt 0:00:56]} Nf6 {[%emt 0:02:41]} 25. Qa5 {[%emt 0:02:21]} Ne4 {[%emt 0:07:01]} 26. Bf3 {[%emt 0:06:07]} Ng5 {[%emt 0:05:50]} 27. Be2 {[%emt 0:00:12]} Qf7 {[%emt 0:00:41]} 28. Ng4 {[%emt 0:04:10]} Qf4 {[%emt 0:05:33]} 29. Qe1 {[%emt 0:05:33]} h5 {[%emt 0:02:24]} 30. Ne3 {[%emt 0:00:06]} Rf7 {[%emt 0:02:04]} 31. b3 {[%emt 0:02:57]} Rbf8 {[%emt 0:02:57]} 32. Bc4 {[%emt 0:00:13]} Qd4 {[%emt 0:02:49]} 33. Ra2 {[%emt 0:00:40]} Ne4 {[%emt 0:01:08]} 34. f3 {[%emt 0:00:55]} Ng5 {[%emt 0:00:13]} 35. Rd2 {[%emt 0:01:14]} Qf4 {[%emt 0:03:34]} 36. h4 {[%emt 0:01:42]} Re7 {[%emt 0:00:38]} 37. Re2 {[%emt 0:02:06]} Rfe8 {[%emt 0:00:54]} 38. Qb1 {[%emt 0:02:25]} Kg7 {[%emt 0:03:16]} 0-1

[Event "9th A. Margaryan Memorial 2019"]
[Site "Yerevan"]
[Date "2019.01.14"]
[Round "7"]
[White "Sargsyan, Tigran R."]
[Black "Mikaelyan, Arman"]
[Result "1-0"]
[WhiteElo "2332"]
[BlackElo "2474"]
[Annotator "TA"]
[PlyCount "133"]
[EventDate "2019.01.08"]
[EventType "tourn"]
[EventCountry "ARM"]
[SourceTitle "playchess.com"]
[Source "ChessBase"]
[SourceQuality "1"]

{[%evp 25,133,85,106,62,95,92,143,95,122,120,120,50,172,88,118,128,212,54,44,29,41,63,60,52,83,0,70,50,72,24,12,23,11,6,50,17,31,35,35,0,5,0,0,0,0,-9,0,0,0,0,0,0,93,13,23,38,104,120,123,102,150,193,195,172,188,158,268,242,390,375,357,204,299,296,528,539,526,534,525,501,525,510,676,648,621,246,243,252,211,187,117,69,591,21,21,21,20,8,1247,603,1084,1125,1255,891,1255,941,861,806,747,634]} 1. d4 g6 2. c4 Bg7 3. Nc3 d6 4. Nf3 Nd7 5. g3 e5 6. Bg2 Ne7 7. O-O O-O 8. e4 exd4 9. Nxd4 Nc6 10. Nde2 Nde5 11. b3 f5 12. f4 {A42: Modern Defence: Averbakh Variation} Ng4 13. h3 Nh6 {LiveBook: 5 Games} 14. Rb1 {White is better.} fxe4 {[#]} 15. Nxe4 $146 ({Predecessor:} 15. g4 Nf7 16. Nxe4 Be6 17. Bb2 Re8 18. Qc1 h5 19. Bxg7 Kxg7 20. Qc3+ Kf8 21. f5 gxf5 22. gxf5 Bd7 23. Nf4 Nce5 24. Nxh5 Qh4 25. Nef6 Re7 26. Rf4 {1-0 (26) Martinovic,S (2570)-Biliskov,V (2247) Split 2017}) 15... Nf5 (15... Bf5 $142) 16. Qd2 Ncd4 17. Bb2 c5 18. N2c3 (18. Nxd4 $16 Nxd4 19. Ng5) 18... h6 (18... Bd7 $14) 19. Kh2 ({White should try} 19. g4 $18) 19... Be6 20. Rbe1 Rb8 (20... Bd7 $16) 21. Nb5 $2 ({White must play} 21. g4 $18) 21... Nxb5 $1 $14 22. Bxg7 Kxg7 23. cxb5 Nd4 24. Nc3 Qd7 25. Re3 ({Better is} 25. Ne2 $16) 25... Bf7 (25... Kh7 $11) 26. Rd3 Kh7 27. Rxd4 (27. f5 $5) 27... cxd4 28. Qxd4 Be6 29. Qxa7 Qg7 30. Qe3 Rfe8 31. Qd2 Rbc8 32. Rf3 d5 $1 33. Rd3 Bf5 34. Rd4 h5 35. Bf3 Rc7 {Hoping for ...Rec8.} 36. b6 Rc5 {And now ...Rec8 would win.} 37. Bxd5 Rd8 $1 {[%cal Rd8d5] aiming for ...Rdxd5!} 38. Rc4 $1 {[%cal Rc4c5]} Rcc8 (38... Qe7 $11 {remains equal.}) 39. Rxc8 (39. g4 $16 Rxc4 40. bxc4 hxg4 41. hxg4 Bxg4 42. Kg3) 39... Rxc8 $11 40. Bc4 Re8 (40... Rc6 $14) 41. a4 $1 $16 Qe7 42. Nd5 Qg7 {[#]} 43. Qc3 $1 Qxc3 44. Nxc3 $18 {[%mdl 4096] Endgame KRB-KBN} Kg7 45. Bd5 Bc8 (45... Be6 $16 {was necessary.}) 46. a5 Re3 (46... Re1 $142 47. Na4 Rd1) 47. Nb5 Rd3 48. Bg2 (48. Be4 $142 Rd2+ 49. Kg1) 48... Rd2 (48... Kf6 $142 49. Na7 Be6) 49. Kg1 Bd7 $2 (49... Rd1+ 50. Kf2 Rd2+ 51. Kf1 Bd7) 50. Na7 ({Stronger than} 50. Bxb7 Bxb5 51. a6 Bxa6 $11) 50... Rd1+ 51. Kf2 Rd2+ 52. Kf1 Ra2 53. b4 Ra1+ 54. Kf2 Ra2+ 55. Kf3 $2 (55. Ke3) 55... Be6 {Strongly threatening ...Bd5+.} 56. Bf1 Ra4 57. Ke4 {Threatens to win with Ke5.} Kf6 58. Kd4 h4 $2 {[%mdl 8192]} (58... Rxb4+ $14 59. Kc5 Rb1) 59. gxh4 $2 (59. a6 $18 Rxb4+ 60. Kc5 Rxb6 61. Kxb6 bxa6 62. g4) 59... Rxb4+ $11 60. Kc5 Rxf4 61. a6 Rxf1 $2 {[%mdl 8192]} (61... Rf5+ $11 62. Kd4 Rd5+ 63. Ke3 Re5+ 64. Kd4 Rd5+ 65. Kc3 Rd6 66. axb7 Rxb6) 62. axb7 $18 {White is clearly winning.} Rc1+ {[#]} 63. Kd4 $1 Rd1+ 64. Kc3 Rd8 65. Nc6 Rh8 66. b8=Q Rxb8 67. Nxb8 {Precision: White = 54%, Black = 36%.} 1-0

[Event "9th A. Margaryan Memorial 2019"]
[Site "Yerevan"]
[Date "2019.01.15"]
[Round "8"]
[White "Sturua, Zurab"]
[Black "Barseghyan, Armen Ar."]
[Result "1-0"]
[WhiteElo "2533"]
[BlackElo "2380"]
[Annotator "TA"]
[PlyCount "105"]
[EventDate "2019.01.08"]
[EventType "tourn"]
[EventCountry "ARM"]
[SourceTitle "playchess.com"]
[Source "ChessBase"]
[SourceQuality "1"]

{[%evp 19,105,50,54,38,60,60,62,57,71,70,60,52,47,52,54,50,54,36,47,31,45,41,52,48,56,51,75,68,96,95,85,99,147,88,118,40,47,32,85,36,79,50,74,60,66,59,98,65,127,132,133,147,137,112,207,160,191,158,250,262,279,280,387,376,373,389,372,370,344,229,410,421,483,483,475,479,462,450,674,727,727,723,712,704,714,710,635,497]} 1. d4 Nf6 2. Nf3 g6 3. c4 c5 4. Nc3 cxd4 5. Nxd4 Nc6 6. g3 Bg7 7. Bg2 O-O 8. O-O Qa5 9. e3 Ne5 {A39: Symmetrical English vs ...g6: 4 Bg2 Bg7 5 Nf3 Nf6 6 0-0 0-0 7 d4} (9... d6 10. h3 Bd7 11. Qe2 Rfc8 12. Rd1 a6 13. Bd2 Qd8 14. Rac1 Rab8 15. Nxc6 Bxc6 16. e4 Nd7 17. Bg5 h6 18. Be3 {½-½ (41) Ding,L (2778)-Bacrot,E (2718) Liaocheng 2018}) 10. Qe2 d6 {LiveBook: 8 Games} 11. h3 Bd7 {White is slightly better.} 12. Bd2 Qb6 13. b3 Rfc8 $146 ({Predecessor:} 13... Rac8 14. Rac1 Rfe8 15. Rfd1 Nc6 16. Nf3 Qc5 17. e4 {½-½ (30) Blagojevic,D (2486)-Arsovic,Z (2421) Bar 2015}) 14. Rfd1 Rab8 15. Be1 a6 16. Rac1 Nc6 17. Nf3 Qd8 18. a4 Na5 19. Rb1 b6 20. Nd4 {[%cal Bf3d4,Bd4c2,Bc2b4][%mdl 32]} Qe8 21. Kh2 Nc6 22. Nc2 Rc7 23. f4 Nd8 24. Nb4 Ra7 25. e4 h5 26. Qf1 (26. e5 $142 dxe5 27. fxe5) 26... Ne6 27. Kh1 (27. e5 $16 dxe5 28. fxe5) 27... Nc5 $14 28. Qe2 Kh7 ({Black should play} 28... a5 $14 29. Nc2 Qc8) 29. Qe3 Ng8 30. Bf2 Nh6 31. Nc2 Rc7 32. Nd4 Ne6 33. Nde2 b5 ({Black should try} 33... Nc5 $14) 34. Nd5 Rcc8 35. cxb5 axb5 36. a5 Rc2 (36... b4 $16 {was worth a try.}) 37. Nb4 Rcc8 38. Qd2 Nc5 {[#]} (38... Bc6 $16 39. a6 Ra8) 39. Bxc5 $1 $18 dxc5 40. Qxd7 cxb4 41. Qxe8 Rxe8 42. e5 Nf5 43. a6 {[%cal Ba5a6,Ba6a7][%mdl 32]} Ne3 44. a7 Rbc8 $2 (44... Nxd1 {is a better defense.} 45. axb8=R Nf2+ 46. Kg1 Nxh3+ 47. Bxh3 Rxb8) 45. Rdc1 {[#] aiming for Rxc8.} Nxg2 {White is clearly winning.} 46. Rxc8 ({Less strong is} 46. Kxg2 Ra8 $18) 46... Rxc8 47. Kxg2 {[%mdl 4096] Endgame KRB-KRN} Ra8 48. Ra1 f6 (48... Bf8 $142 49. Nd4 e6 50. Nxb5 Bc5) 49. Nd4 fxe5 50. Nxb5 exf4 51. Nc7 f3+ 52. Kf1 Rc8 53. Rc1 {Precision: White = 73%, Black = 46%.} 1-0

[Event "9th A. Margaryan Memorial 2019"]
[Site "Yerevan"]
[Date "2019.01.15"]
[Round "8"]
[White "Gholami, Aryan"]
[Black "Sargsyan, Tigran R."]
[Result "1-0"]
[WhiteElo "2488"]
[BlackElo "2332"]
[Annotator "TA"]
[PlyCount "65"]
[EventDate "2019.01.08"]
[EventType "tourn"]
[EventCountry "ARM"]
[SourceTitle "playchess.com"]
[Source "ChessBase"]
[SourceQuality "1"]

{[%evp 17,65,19,20,19,14,24,18,10,32,30,44,35,55,56,39,39,54,36,73,49,84,23,93,57,116,118,99,60,343,305,431,412,435,417,446,432,590,553,714,718,936,914,890,889,813,735,829,854,1106,834]} 1. c4 c6 2. Nf3 d5 3. e3 Nf6 4. Qc2 g6 5. b3 Bg7 6. Bb2 {A11: English Opening: 1...c6} O-O 7. Be2 Re8 8. O-O Bg4 9. d3 Nbd7 {LiveBook: 4 Games} 10. Nbd2 {[%cal Bb1d2,Bd2f3,Bf3d4][%mdl 32]} e5 11. h3 Bxf3 12. Nxf3 e4 $146 13. dxe4 dxe4 14. Nd4 Qc7 15. b4 {[%cal Bb3b4,Bb4b5][%mdl 32]} Ne5 16. Rfd1 h5 17. c5 h4 18. b5 Rad8 19. Qa4 (19. bxc6 $16 bxc6 20. Rab1) 19... Nd5 (19... Nd3 $1 $11 {keeps the balance.} 20. Bxd3 exd3) 20. Rab1 (20. Qxa7 $2 Ra8 $19) 20... f5 (20... Nf3+ $14 21. Nxf3 (21. gxf3 Nxe3 22. Rdc1 Qf4 $19) 21... Bxb2 22. Rxb2 Nc3 23. Rxd8 Rxd8) 21. bxc6 $16 (21. Qxa7 $2 Ra8 $19) 21... bxc6 22. Ba6 {Hoping for Nxc6!} Bh6 $2 {[%mdl 8192] [#]} (22... f4 $14) 23. Nxc6 $1 {[%mdl 576] Remove Defender} Qxc6 (23... Nxc6 {was called for.} 24. Bc4 Nce7 25. Bxd5+ (25. Rxd5 Nxd5 26. Bxd5+ Kh7 $16) 25... Nxd5) 24. Bb5 $18 {[%mdl 64] Skewer} Qc7 25. Qb3 (25. Bxe8 Nf3+ 26. Kf1 (26. gxf3 Bxe3 27. Kh1 Qf4 $14) 26... Bxe3 $18) 25... Nd3 26. Bxe8 {White is clearly winning.} Qxc5 27. Bd4 Qd6 28. Bb5 Nxf2 29. Kxf2 Kh7 30. Kg1 Qg3 31. Re1 f4 32. exf4 e3 33. Bxe3 {Accuracy: White = 64%, Black = 24%.} 1-0

[Event "9th A. Margaryan Memorial 2019"]
[Site "Yerevan"]
[Date "2019.01.15"]
[Round "8"]
[White "Mikaelyan, Arman"]
[Black "Babujian, Levon"]
[Result "1-0"]
[WhiteElo "2474"]
[BlackElo "2488"]
[Annotator "TA"]
[PlyCount "60"]
[EventDate "2019.01.08"]
[EventType "tourn"]
[EventCountry "ARM"]
[SourceTitle "playchess.com"]
[Source "ChessBase"]
[SourceQuality "1"]

{[%evp 13,60,14,31,38,25,31,56,0,0,0,0,0,0,0,0,0,0,-9,-10,-13,24,21,80,53,447,444,431,438,493,500,495,497,461,451,885,878,1182,1169,1166,1081,1720,1622,1423,1173,29988,29989,29989,29990,29987]} 1. d4 Nf6 2. Bf4 d5 3. Nf3 e6 4. e3 Bd6 5. Bg3 Ne4 6. Nbd2 Nxg3 {D02: 1 d4 d5 2 Nf3 sidelines, including 2...Nf6 3 g3 and 2...Nf6 3 Bf4} 7. hxg3 c5 {LiveBook: 6 Games} (7... h6 8. e4 dxe4 9. Nxe4 Be7 10. c3 Nd7 11. Bd3 c5 12. Qe2 cxd4 13. Nxd4 Nc5 14. Bb5+ {1-0 (28) Yemelin,V (2559)-Aleksandrov,A (2598) St Petersburg 2013}) 8. dxc5 Bxc5 {White is slightly better.} 9. c4 Nc6 10. cxd5 $146 (10. Qc2 $14) 10... exd5 $11 11. Qc2 Qb6 12. Rxh7 Rxh7 13. Qxh7 Qxb2 14. Rb1 Qf6 15. Bd3 $132 {[%mdl 2048] White has counterplay} (15. g4 $5) 15... g6 16. Kf1 Bf8 17. e4 {[%cal Be3e4,Be4d5][%mdl 32]} Qc3 (17... Be6 $1 $11 {keeps the balance.}) 18. Bb5 a6 $2 {[%mdl 8192]} ({Black should try} 18... Be6 $14) 19. exd5 $18 axb5 {[#]} 20. Re1+ $1 Ne7 {Strongly threatening ...Bf5.} 21. Ne5 Be6 22. dxe6 O-O-O 23. Nb3 {Threatens to win with Rc1.} ({Weaker is} 23. Nb1 Qc2 $16) 23... fxe6 (23... Kb8 $142 24. Nd7+ Ka7 25. Qxf7 Qd3+ 26. Kg1 Qf5 27. Qxf5 Nxf5) 24. Rc1 b4 25. Rxc3+ bxc3 26. Qf7 Nd5 27. Qxe6+ Kc7 28. Nd4 {[#] Nb5+ would kill now.} Bb4 29. Nb5+ Kb8 30. Nd7+ Kc8 {Accuracy: White = 83%, Black = 24%.} 1-0

[Event "9th A. Margaryan Memorial 2019"]
[Site "Yerevan"]
[Date "2019.01.15"]
[Round "8"]
[White "Davtyan, Artur"]
[Black "Sargsyan, Anna M."]
[Result "1-0"]
[WhiteElo "2396"]
[BlackElo "2339"]
[Annotator "TA"]
[PlyCount "44"]
[EventDate "2019.01.08"]
[EventType "tourn"]
[EventCountry "ARM"]
[SourceTitle "playchess.com"]
[Source "ChessBase"]
[SourceQuality "1"]

{[%evp 25,44,77,98,83,106,110,92,97,164,109,124,83,170,189,140,139,389,374,270,268,268]} 1. d4 d5 2. c4 c6 3. Nf3 Nf6 4. Nc3 e6 5. Bg5 dxc4 6. e4 {[%cal Be2e4,Be4e5][%mdl 32]} b5 7. e5 h6 8. Bh4 g5 9. Nxg5 hxg5 10. Bxg5 Nbd7 11. exf6 Bb7 12. g3 Bh6 {D44: Semi-Slav: Botvinnik System} (12... c5 13. d5 Qb6 14. Bg2 O-O-O 15. O-O b4 16. Na4 Qb5 17. a3 Nb8 18. axb4 cxb4 19. Qg4 Bxd5 20. Rac1 Qxa4 21. Rxc4+ Kb7 22. Rfc1 Na6 23. Rd4 Bc5 24. Re4 Bb6 25. h4 Qb3 26. Bf4 Qxb2 27. Re2 Qxf6 {0-1 (37) Melkumyan,H (2662)-Sasikiran,K (2666) Yerevan 2018}) 13. Bxh6 Rxh6 {LiveBook: 3 Games} 14. Qd2 Rh8 $146 {White is better.} ({Reject} 14... Qxf6 15. Ne4 $18) ({Predecessor:} 14... Qxf6 15. Ne4 Qf3 16. Nd6+ Ke7 17. Nxb7 Rf6 18. Rg1 Qe4+ 19. Qe3 Qc2 20. Qe2 {1-0 (29) Molnar,P (2363)-Srvatka,I (2226) Slovakia 2012}) 15. Bg2 Qc7 16. a4 Rh5 (16... b4 $16) 17. Bf3 (17. Ne4 $18) 17... Rf5 $16 18. Be4 b4 (18... Rh5 $16) 19. Bxf5 $18 {[#] Threatens to win with Ne4.} bxc3 20. bxc3 {Hoping for 0-0.} exf5 $2 (20... c5 $16) 21. Qe3+ Kd8 22. Qe7+ {[%mdl 64] [#] Double Attack} Kc8 1-0

[Event "9th A. Margaryan Memorial 2019"]
[Site "Yerevan"]
[Date "2019.01.16"]
[Round "9"]
[White "Babujian, Levon"]
[Black "Gholami, Aryan"]
[Result "1-0"]
[WhiteElo "2488"]
[BlackElo "2488"]
[Annotator "TA"]
[PlyCount "103"]
[EventDate "2019.01.08"]
[EventType "tourn"]
[EventCountry "ARM"]
[SourceTitle "playchess.com"]
[Source "ChessBase"]
[SourceQuality "1"]

{[%evp 13,103,17,25,20,13,12,2,2,48,44,44,17,42,48,59,16,25,20,36,35,37,35,71,78,129,126,143,142,137,98,116,101,110,56,100,93,111,104,108,90,109,94,143,143,152,130,130,134,141,137,143,139,156,82,130,87,73,83,95,39,47,41,40,37,36,34,59,54,62,60,50,45,43,44,104,52,54,61,101,89,59,60,60,59,145,150,29978,29979,29979,29980,29976,133]} 1. d4 Nf6 2. c4 e6 3. Nf3 b6 4. g3 Bb7 5. Bg2 Be7 6. O-O O-O 7. Re1 Na6 {LiveBook: 314 Games} 8. b3 {E17: Queen's Indian: 4 g3 Bb7 5 Bg2 Be7} (8. Ne5 Bxg2 9. Kxg2 c5 10. d5 Qc7 11. Nf3 Ne4 12. a3 f5 13. Qd3 Qb7 14. Nbd2 Nxd2 15. Bxd2 Bf6 {0-1 (38) Mamedyarov,S (2799)-Korobov,A (2652) Huaian 2017}) 8... c5 9. Bb2 cxd4 $146 ({Predecessor:} 9... d5 10. cxd5 Nxd5 11. a3 Rc8 12. e4 Nf6 13. Nc3 Re8 14. Rc1 Bf8 15. Qe2 cxd4 16. Nxd4 Qxd4 {1-0 (31) Kovalyov,A (2608)-Mareco,S (2599) Baku 2015}) 10. Nxd4 {The position is equal.} Ne4 11. f3 Nec5 12. Nc3 d5 13. cxd5 exd5 14. Bh3 Bf6 15. Qd2 Bg5 16. e3 Nb4 17. Bf1 a6 18. Rad1 Re8 (18... Bf6 $142) 19. Qf2 $1 $16 Qd7 20. a3 Nc6 21. Nxc6 Qxc6 22. Nxd5 Nxb3 23. f4 (23. e4 $16) 23... Bd8 24. Bxg7 {[%mdl 64] Decoy} Kxg7 25. Qb2+ {[%mdl 64] Double Attack} Kg8 {Strongly threatening ...Nc5.} 26. Qxb3 Rc8 {[%cal Ba8c8,Bc8c5,Bc5c2][%mdl 32]} 27. Rd2 b5 {[#] White should prevent ...Ba5.} 28. Bh3 $1 {[%cal Rh3d7]} Qc4 29. Qd1 {aiming for Qg4+.} Rc5 {[%cal Rc5d5] [#]} 30. Bg2 $1 {Nb4 is the strong threat.} Bxd5 31. Bxd5 Qc3 32. Rd3 Qf6 33. Qg4+ (33. e4 $142) 33... Kf8 34. Kg2 Rc2+ 35. Re2 Qb2 36. Bf3 (36. Kf1 $16 {Threatens to win with Bxf7!} Rc1+ 37. Kf2) 36... Bb6 $14 37. Kf2 Qc1 38. Rxc2 Qxc2+ 39. Be2 Qc1 {[%cal Rb6e3]} 40. Qf3 $1 Bc5 41. f5 {And now f6 would win.} Qb2 42. Qc6 Qe5 43. Qh6+ Qg7 ({Black should try} 43... Kg8 $14) 44. Qf4 (44. Qxa6 $16 Qg5 45. Qxb5 Qxf5+ 46. Kg2) 44... Qf6 45. Kg2 Rd8 46. Rxd8+ Qxd8 47. Qh6+ Kg8 48. f6 {[%csl Gf6][%cal Rh6g7]} Qf8 ({Better is} 48... Bf8 $14 49. Qg5+ Kh8) 49. Qh5 $16 {Black must now prevent Bd3.} Bxe3 $2 (49... Bxa3 $16 50. Bd3 Qa8+ 51. Kf2 Kf8) 50. Bd3 {[%csl Gd3][%cal Rh5h7] White mates.} Qh6 51. Qg4+ Bg5 52. Qc8+ {[%mdl 64] Double Attack. Accuracy: White = 70%, Black = 50%.} 1-0